Paro, exclusión y políticas de empleo: aspectos sociológicos

Guardat en:
Dades bibliogràfiques
Autors principals: Santos Ortega, Antonio (Autor), Montalbá Ocaña, Carmen (Autor), Moldes Farelo, Rocío (Autor)
Format: Llibre
Idioma:espanyol
Publicat: Valencia Tirant lo Blanch 2004
Col·lecció:Manuales
Matèries:
Etiquetes: Afegir etiqueta
Sense etiquetes, Sigues el primer a etiquetar aquest registre!

MARC

LEADER 00000nam a2200000 a 4500
001 UCK4848
003 CL-VaPUC
008 050624e20040000SP |||||||||||||||||spa|d
020 |a 8484561682 
082 0 4 |a 331.892  |b SAN  |2 21 
100 0 |a Santos Ortega, Antonio  |e author  |9 493477 
700 0 |a Montalbá Ocaña, Carmen  |e author  |9 493478 
700 0 |a Moldes Farelo, Rocío  |e author  |9 493479 
245 1 0 |a Paro, exclusión y políticas de empleo: aspectos sociológicos 
300 |a 341 p 
942 |c BK 
945 |d 20050624 00:00:00  |a jcarroza 
260 |a Valencia  |b Tirant lo Blanch  |c 2004 
650 0 |a Trabajo y empleo  |9 315054 
650 0 |a Conflictos laborales  |9 256688 
650 7 |a MOVIMIENTOS LABORALES  |2 CL-VaPUC  |9 411921 
650 0 |a Desempleo   |9 257579 
650 7 |a HUELGA  |2 CL-VaPUC  |9 17 
650 7 |a POLITICA DE EMPLEO  |2 CL-VaPUC  |9 359114 
650 0 |a Aspectos sociológicos   |9 309271 
651 0 |a España  |9 254926 
583 |a last modification  |c 20050624 00:00:00  |k Rodrigo Vera 
490 0 |a Manuales 
999 |c 313589  |d 313587 
952 |0 0  |1 0  |4 0  |6 331_892000000000000_SAN_2004  |7 0  |8 A  |9 385013  |a BIBDER  |b BIBDER  |d 2019-11-22  |i 4140451  |o 331.892 SAN 2004  |p 4140451  |r 2023-01-25  |w 2019-11-22  |y BK  |k DER